000
00319 a2200145 4500
001
194523
020
_a
978-0-15-205620-9
040
_c
Magnum
100
_a
Wood, Audrey
240
1
0
_a
The Napping House
_l
por
245
1
0
_a
The Napping House
362
0
_a
1984
697
_a
LITERATURA INFANTIL INGLESA
942
_c
BK
999
_c
194523
_d
194523